| 000 | 00423nam a2200133Ia 4500 | ||
|---|---|---|---|
| 008 | 231129s9999||||xx |||||||||||||| ||spa|| | ||
| 020 | _a950-17-1126-9 | ||
| 040 | _bspa | ||
| 082 | _aEN PROCESO DE DESCARTE] 222.11 S822g | ||
| 100 | _aSteiner Rudolf | ||
| 245 | 0 | _aGenesis: Los secretos del relato biblico de la creacion | |
| 264 | _aBuenos Aires Argentina: Kier | ||
| 942 |
_2ddc _cBKS |
||
| 999 |
_c14388 _d14388 |
||